| 000 | 00654cam a22002173a 4500 | ||
|---|---|---|---|
| 001 | 34992 | ||
| 003 | PGUSA | ||
| 005 | 20140828083744.0 | ||
| 008 | 110117s2011||||xxu|||||s|||||000 | eng d | ||
| 040 |
_aPGUSA _beng |
||
| 042 | _adc | ||
| 050 | 4 | _aAE | |
| 245 | 1 | 0 |
_aEncyclopaedia Britannica, 11th Edition, Volume 8, Slice 10 : _b"Echinoderma" to "Edward" _h[electronic resource] / _cVarious |
| 260 |
_bProject Gutenberg, _c2011 |
||
| 506 | _aPublic domain in the USA. | ||
| 516 | _aElectronic text | ||
| 653 | _aEncyclopedias and dictionaries | ||
| 830 | 0 |
_aProject Gutenberg _v34992 |
|
| 856 | 4 | 0 | _uhttp://www.gutenberg.org/ebooks/34992 |
| 942 | _cEB | ||
| 999 |
_c264247 _d264247 |
||